000151736 001__ 151736
000151736 005__ 20251221075028.0
000151736 037__ $$aTESIS-2025-092
000151736 041__ $$aspa
000151736 1001_ $$aPardos Bernad, Félix
000151736 24500 $$aEstudio y optimización de métodos de detección de SNPs y su aplicación para la determinación de polimorfismos de patógenos y humanos mediante qPCR
000151736 260__ $$aZaragoza$$bUniversidad de Zaragoza, Prensas de la Universidad$$c2024
000151736 300__ $$a160
000151736 4900_ $$aTesis de la Universidad de Zaragoza$$v2025-91$$x2254-7606
000151736 500__ $$aPresentado:  20 12 2024
000151736 502__ $$aTesis-Univ. Zaragoza,  , 2024$$bZaragoza, Universidad de Zaragoza$$c2024
000151736 506__ $$aall-rights-reserved
000151736 520__ $$aLa síntesis química de oligonucleótidos es una técnica establecida y muy bien estudiada que permite obtener, de una forma rápida y eficiente, productos es de alta utilidad en campos como la biología molecular. Los avances en dicha técnica han permitido, entre otros, el desarrollo de técnicas de análisis y de diagnóstico molecular, como la qPCR, que serían inalcanzables a través de los medios disponibles en la naturaleza. El ingenio humano ha diseñado diferentes arquitecturas de sondas y experimentos para qPCR que han permitido llegar a diferenciar entre mutaciones de un solo nucleótido (SNPs) de diferentes cepas de un microorganismo patógeno o de distintos alelos del genoma humano asociados a enfermedades. El objetivo principal de este trabajo ha sido el estudio de las dichas arquitecturas y el desarrollo de un protocolo de diseño y elaboración para la identificación específica de determinadas cepas de patógenos y polimorfismos humanos.<br />
000151736 520__ $$a<br />
000151736 521__ $$97082$$aPrograma de Doctorado en Química Orgánica
000151736 540__ $$9info:eu-repo/semantics/openAccess
000151736 6531_ $$aquímica orgánica
000151736 6531_ $$abioquímica molecular
000151736 6531_ $$aácidos nucleicos
000151736 691__ $$a3 9
000151736 692__ $$aGarantizar una vida saludable y promover el bienestar para todos y todas en todas las edades.	 Desarrollar infraestructuras resilientes, promover la industrialización inclusiva y sostenible, y fomentar la innovación.
000151736 700__ $$aVilluendas Piqueras, Pedro Ramón$$edir.
000151736 700__ $$aJiménez Sanz, Ana Isabel$$edir.
000151736 7102_ $$aUniversidad de Zaragoza
000151736 830__ $$9494
000151736 8560_ $$fcdeurop@unizar.es
000151736 8564_ $$s8491828$$uhttps://zaguan.unizar.es/record/151736/files/TESIS-2025-092.pdf$$zinfo:eu-repo/date/embargoEnd/2025-12-20
000151736 909CO $$ooai:zaguan.unizar.es:151736$$pdriver
000151736 909co $$ptesis
000151736 9102_ $$aCiencias
000151736 980__ $$aTESIS